00791nam a2200241Ia 4500003000400000005001700004006001800021007000300039008004100042024001000083037001100093040001800104041001300122100003600135110010200171245007000273260000900343650003000352700003400382700010200416942001200518999001900530OSt20220930085217.0a|||||r|||| 00| 0ta220926b |||||||| |||| 00| 0 eng d a94343 cTheses aCRLcCRLbeng 2engaeng aBansiwal Surender Kumar9539717 aUniversity of Delhi. Faculty of Medical Sciences. National Institute of Health and Family Welfare 0aAssessment of anti-dengue activities in a Municipal zone of Delhi c2007 aCOMMUNITY HEALTH SERVICES a Dr. Sanjay Gupta Gu.9532758 aUniversity of Delhi. Faculty of Medical Sciences. National Institute of Health and Family Welfare cDIS2CC c878549d878549